Kazka pro robota Robka

Bibliographic Details
Main Author: Mokoš, Jozef, 1941- (Author)
Other Authors: Makara, Sergej, 1937-2022 (Translator)
Format: Article
Language:Slovak
Ukrainian
PhysicalDescription:Fotogr. 1
Subjects:

MARC

LEADER 00000nab a2200000 a 4500
001 vtls000538121
003 SK-MaSNL
005 20260304101828.0
008 250425c1994 xo 0 slo
015 |a SNBRB19rr/mm-uuuuu 
035 |a CL0538259 
035 |a urn:nbn:sk:snk-abboyd 
035 |a (urnnbn)urn:nbn:sk:snk:ar-001045 
035 |a (uuid)542227b3-11e4-4d47-843f-3cd0d52b64a8 
040 |a SNKBUCL  |b slo  |c SNKBUCL  |e AACR2 
041 0 |a ukr 
044 |a xo  |c SK 
080 |a 885.4-2=83  |2 1981 
100 1 |a Mokoš, Jozef,  |d 1941-  |4 aut  |9 188956 
245 1 0 |a Kazka pro robota Robka  |c Jozef Mokoš ; Prekl. Serhij Makara 
300 |b Fotogr. 1 
650 0 7 |a divadelné hry  |2 snkbucl  |9 79680 
655 7 |a články z novín a časopisov  |2 snkbucl  |9 267496 
655 7 |a články z odboru literárna veda a krásna literatúra  |2 snkbucl  |9 770045 
700 1 |a Makara, Sergej,  |d 1937-2022  |4 trl  |9 86033 
773 0 |t Duklja  |g Roč. 42, č. 5 (1994), s. 60-74 
850 |a Slovenská národná knižnica 
852 |a Slovenská národná knižnica 
958 |a article15 
958 |a RK 
958 |a LX 
958 |a OND 
958 |a EUIPO 
992 |a RBX 
999 |c 2842852  |d 2844782